000 00585nam a2200193Ia 4500
008 121005t2009 xxu||||| |||| 00| 0 sin d
041 _asin
080 _a8 S 3 (Youth) (eng)
_bBLY
100 _aBlyton,Enid
245 _aවිලෝ ගොවිපලේ දරුවෝ
246 _aWilo Gowipale Daruwo
260 _aSooriya Publishers
_aColombo
_c2009
300 _b184p, 21 cm
500 _aSinhalese Translation Of E.Blyton's of The Children of Wollow Farm
700 _aWijesingha,Anula
_etr.
942 _cBK
999 _c42028
_d42028
003 LK-CoDNM
040 _aLK-CoDNM
_dLK-CoDNM
_eLK-CoDNM